000 01163nam a2200337 i 4500
001 11641
003 KOSZ 005
005 20200316125401.0
008 070913s1966 pl a g 000 0 pol
015 _aPB 1967/378
040 _aWA N
_cKOSZ 005/RW
_dKOSZ 005/RW
_dKOSZ 005/HR
041 0 _apol
_arus
046 _k1966
080 _a62(038)=162.1=161.1
245 0 0 _aWielki słownik techniczny polsko-rosyjski /
_czespół red. M. Porwit [et al.].
246 1 3 _aBol'šoj pol'sko-russkij politehničeskij slovar'
260 _aWarszawa :
_bWydawnictwa Naukowo-Techniczne,
_c1966.
300 _aVIII, 1203, [1] s., [2] k. ;
_c23 cm.
380 _aKsiążki.
388 _a1901-2000
658 _aInżynieria i technika
658 _aJęzykoznawstwo
650 4 _aTerminologia
650 4 _aTechnika
655 4 _aSłownik terminologiczny
655 4 _aSłownik polsko-rosyjski
700 1 _aPorwit, Marian.
_eRedakcja
710 2 _aWydawnictwa Naukowo-Techniczne
_4pbl.
856 _uhttp://koha.tu.koszalin.pl/cgi-bin/koha/opac-detail.pl?biblionumber=11641
_yKatalog online BPK
942 _2UKD
_cKS
999 _c11641
_d11641